00552pam a2200169 a 4500008004100000020002200041100002100063245009400084260005600178300004700234500002000281650003100301700002300332003000100355005001700356040000900373  a0574213058 (hbk.)1 aDock, V. Thomas.10aPrinciples of business data processing with MIS /cV. Thomas Dock [and] Edward L. Essick. aChicago, IL :bScience Research Associates,cc1981. axvii, 617 p. :bill. (some col.) ;c25 cm. aIncludes index. 0aBusinessxData processing. aEssick, L. Edward.20230123125258.0 cNUST